[Event "Oregon Closed Championship"]
[Site "Portland, OR"]
[Date "2022.07.19"]
[Round "6"]
[White "Richardson, Ryan"]
[Black "Russell, Corey"]
[Result "0-1"]
[WhiteElo "2045"]
[BlackElo "2206"]
[Annotator "Tactical Analysis 2.10 (7s)"]
[PlyCount "118"]
[EventDate "2022.07.15"]
[EventType "tourn"]
[EventRounds "8"]
[EventCountry "USA"]

{[%evp 15,118,5,25,19,20,10,31,20,20,11,11,8,9,1,3,4,19,19,21,-6,-6,-6,-6,-4,1,
2,0,-36,-30,-131,3,3,3,3,2,-35,-35,-34,12,-4,-6,-34,-19,-61,-61,-61,-55,-87,
-87,-87,-87,-87,-62,-78,-78,-62,-90,-90,-99,-151,0,-107,-131,-182,-185,-185,
-181,-182,-92,-153,-135,-178,525,-127,-48,-260,-260,-260,-260,-260,-260,-259,
-259,-533,-590,-902,-515,-515,-438,-1072,-1072,-1014,-616,-1099,-1087,-1087,
-1099,-1099,-1098,-1300,-1095,-1398,-1441,-1398,-1398]} 1. e4 d6 2. d4 Nf6 3.
Nc3 c6 4. a4 Qa5 5. Bd3 e5 6. Nge2 Be7 7. O-O O-O 8. h3 Nbd7 {LiveBook: 8 Games
} 9. Be3 Re8 {The position is equal. - Friz || While the black position is
cramped it also is very solid. I felt it was unlikely my opponent was prepared
for this. -cjr} 10. Qd2 Qc7 11. f4 exd4 {Taking the center pawn is better: 1)
trades center pawn for center pawn, than the wing pawn of f4. 2) opens up c5
for my knight 3) avoids opening up the f-file for white which seemed pretty
useful for white if I were to do that. -cjr} 12. Nxd4 Nc5 13. Rae1 a5 14. Nf3
Nxd3 15. cxd3 Bd7 16. Rc1 Qd8 17. e5 Nd5 18. Nxd5 cxd5 19. b3 dxe5 20. fxe5 Bf5
{My opponent criticized this move in the post-mortem because it lead to
bishops of opposites. However, by going into this I also won two pawns and
created two passed pawns on the queenside which eventually won the game for me.
The other thing bishops of opposites are NOT necessarily draw. -cjr} 21. Ng5
Bg6 22. e6 (22. Nf3 $11) 22... Bxg5 ({Black should try} 22... f6 $1 $17 {
[%cal Rf6g5]} 23. Nf3 Bb4) 23. exf7+ $11 Bxf7 24. Bxg5 Qb6+ 25. Kh1 h6 26. Bh4
Bh5 (26... d4 $15 {I really wish I had chosed ..d4. It would have saved me a
lot of grief. -cjr}) 27. Bf2 Qxb3 28. Rc7 {Intending Bf2-d4 and mate.} Rf8 29.
Re1 (29. Rfc1 $11 {deserves consideration.} Qxa4 30. Qb2) 29... Rf7 $36 {
[%mdl 2048] Black is more active.} 30. Rxf7 Bxf7 31. Bd4 Qxa4 32. Qf4 {
Strongly threatening Qf4-e5.} Re8 33. Rc1 Qb4 {I spent a large amount of time
here. I had to construct a defense. I knew if I could just hold my queenside
pawns can carry the day for me. -cjr} 34. Rc7 Re7 35. Rc8+ Be8 $1 36. Kh2 a4
37. Qg4 (37. Rd8 $142) 37... Qd6+ $2 (37... g5 $1 $17 38. Rd8 Qd2) 38. Kg1 (38.
g3 $1 $11 g5 39. Bc5) 38... g5 39. Qh5 (39. Bc5 $17 {was worth a try.} Re1+ 40.
Kf2) 39... Qe6 $1 $19 {[%cal Re6c8]} 40. Rd8 Kh7 41. Qf3 {intending Qf3-f8.}
Bf7 (41... Rf7 $19 42. Qg3 Re7) 42. Kh2 ({Better is} 42. Ra8) 42... Kg6 43. h4
(43. Qf2 $17) 43... h5 $4 {[%mdl 8192] I didn't play ...gxh4 because I was
worried about 44. Qf4 threatening to win my queen with Rd6. However ...Rd7 and
black is doing well. -cjr} (43... gxh4 $19 {and life is good for Black.
Threatens to win with ...Qe6-f5.} 44. Qf2 Qf5 45. Qxh4 Re2) 44. hxg5 $2 {[#]} (
44. Rh8 $1 $18 Qd6+ 45. g3) 44... Kxg5 (44... Qf5 $1 $17 {aiming for ...Qf5xf3.
} 45. Qg3 Qxg5) 45. Rxd5+ $2 {My opponent spent a large amount of time here,
in fact nearly his entire regulation time he was almost on increment time only.
While this combination does win a pawn it's a technically lost endgame. There
are chances to draw for him so don't fault him for it. I thought it would be
more difficult if he had kept queens on. I was expecting a line like this: 45.
Qg3+ Qg4 46. Be3+ Kg6 47. Rd6+ Re6 48. Rxe6+ Bxe6 49. Qe5 and white fights on.
-cjr} (45. Rh8 $1 $15 Qf5 46. Qg3+ Qg4 47. Be3+ Kg6 48. Qf2 Rxe3 49. Qxe3)
45... Qxd5 46. Bf6+ Kg6 {( -> ...Qd5xf3)} 47. Qxd5 Bxd5 48. Bxe7 {[%mdl 4096]
Endgame KB-KB} Kf5 49. g3 $2 (49. Kh3 {was necessary.}) 49... Ke5 {Black is
clearly winning.} 50. Bc5 Bf3 51. Kg1 {White hopes to continue with Kg1-f2.}
Kd5 52. Be3 {The necessity of this move is unfortunate. White would have
preferred a move like Bf8 but then 52. ... Kd4 53. Kf2 Bg4 54. Ke1 Kxd3 and
white is helpless to a ...Kc2-b3 and forcing white to sac his bishop for a
black queen side pawn. -cjr} (52. Bf8 $142 Kd4 53. Kf2) 52... b5 {[%cal Bb7b5,
Bb5b4][%mdl 32]} 53. Kf2 b4 $1 54. Kxf3 {Black must now prevent Kf3-e2. KB-K3P
- Fritz || I saw was winning after this. Instead 54. Bc1 is slightly more
resistant. E.g., if 54. ... a3 then 55. Ke3 holds! However I was going to play
instead 54. .. Kd4! 55. Kxf3 Kxd3 56. Kf4 Kc2 and black's passers will prevail.
-cjr} a3 55. Bc1 Kd4 56. Ke2 {[#]} Kc3 $1 57. Bd2+ Kb3 58. Bg5 Ka2 59. Bf6 b3 {
Precision: White = 21%, Black = 53%.} 0-1

[Event "Oregon Closed Championship"]
[Site "Portland, OR"]
[Date "2022.07.19"]
[Round "7"]
[White "Russell, Corey"]
[Black "Swearingin, Michael"]
[Result "1-0"]
[WhiteElo "2206"]
[BlackElo "1986"]
[Annotator "Tactical Analysis 2.10 (7s)"]
[PlyCount "99"]
[EventDate "2022.07.15"]
[EventType "tourn"]
[EventRounds "8"]
[EventCountry "USA"]

{[%evp 20,99,26,26,48,47,47,23,23,23,42,28,49,49,64,64,64,15,15,15,19,9,66,66,
100,100,100,100,100,100,97,94,120,-13,-13,-13,-13,-13,-13,-13,-13,-13,-12,-49,
-49,-42,-29,-136,-136,-245,-172,-184,-184,-184,-184,-184,-184,-379,-379,-413,
-413,-363,-310,-303,-237,-237,1159,1159,1159,1159,1159,1159,1159,1121,1121,373,
7267,7267,29982,7267,7267,7267]} 1. d4 Nf6 2. c4 g6 3. Nc3 d5 4. cxd5 Nxd5 5.
e4 Nxc3 6. bxc3 Bg7 7. Nf3 O-O 8. Rb1 {After taking the time to study the
theory for this line I've had just tremendous success with this line including
against masters and experts. I was happy with my opponent's opening choice and
felt confident to play for a win. -cjr} c5 9. Be2 b6 10. O-O cxd4 11. cxd4 {
LiveBook: 28 Games} Nc6 {[%cal Rc6d4]} 12. d5 Na5 {I agree this is better than
12. ... Ne5 e.g., 12. ... Ne5 13. Nxe5 Bxe5 14. Bh6 Re8 15. f4 and white gets
a strong initiative.} 13. Bb2 Bxb2 {White has an edge.} 14. Rxb2 Nb7 15. Nd4 e6
16. Nc6 $36 {[%mdl 2048] White is more active.} Qc7 17. Rc2 Nc5 18. Qd4 (18.
Bb5 $14 exd5 19. exd5) 18... exd5 $11 19. exd5 Re8 20. Bb5 {[#] d5-d6 is the
strong threat.} Qd6 ({Black should try} 20... Bd7 $1 $11) 21. Nxa7 $1 $14 Re4
22. Nxc8 Rxc8 23. Qxe4 Nxe4 24. Rxc8+ Kg7 25. Rd1 Qf6 {[#]} 26. f3 {I now see
why Rc2 is much better. Because then Nc3 doesn't work! e.g. 26. Rc2 Nc3 27.
Rxc3 Qxc3 28. Ba4! and black must go all the way back 28. ... Qc7 29. d6 Qd8
and black is helpless to stop h3, Re1-e8 and d8(Q). f3 allows a check on c5.
-cjr} (26. Rc2 $1 $16) 26... Nc3 $11 27. Rxc3 Qxc3 {[%mdl 4096] Endgame KQ-KRB}
28. Ba4 {Strongly threatening d5-d6.} Qc5+ 29. Kh1 {Threatens to win with
d5-d6.} Qd6 30. Bb3 h5 {[%cal Bh7h5,Bh5h4][%mdl 32]} 31. g3 g5 32. Kg2 f5 33.
f4 (33. Bc2 $11 {remains equal.}) 33... gxf4 $17 34. gxf4 (34. Rd4 $17) 34...
h4 35. Kf3 Qb4 {And now ...Qb4-e4+ would win. - Fritz || I've looked at this
for quite a while and as long I am careful where to put my king I don't see a
win for black. In any case here I cannot play for win as my opponent can draw
at will with perpetual check. I also knew a draw offer could alter my
opponent's thinking - that is he can see that he can win two pawns with check
and also if I am careless he can even pick up my d-pawn with check which would
then make it an easy win. My draw offer probably confirms to my opponent that
he MUST be winning. This lead to fatal thinking. Objectivity is crucial for
chess success. -cjr} 36. d6 Qe4+ 37. Kf2 Qxf4+ 38. Ke2 $2 (38. Ke1 {was
necessary.}) 38... Qxh2+ $19 39. Ke3 Qe5+ 40. Kf2 Qg3+ 41. Ke2 {intending
d6-d7. - Fritz || The reason I believe black needs to take the perpetual is
because of three key lines: 1) 41. ... f4 42. d7 Qe3+ 43. Kf1 f3 44. Bc4! wins
2) 41. ... f4 42. d7 f3+ 43. Ke3 f2+ 44. Ke2 Qg1 45. d8(Q) wins 3) 41. ...Qg2+
43. Ke3 Qe4+ 44. Kf2 h3 45. d7 h2 46. d8(Q) h1(Q) 47. Qg5+ leads to mate. Thus
theses lines show that black must win in two non-checking moves. If I queen
first black's exposed king ensures a white win. -cjr} Qg4+ 42. Kf2 {Hoping for
Rd1-g1.} f4 $4 {[%mdl 8192] I disagree with Fritz analysis I believe white can
hold. So here black probably realized that ...Qg3+ is 3-fold repetition. He
also greatly under-estimated Kf2 as I was just "responding" to his check and
running. Plus he might have interpreted my move as a draw offer. And I am an
exposed king with no pieces able to block for me what could I do? My opponent
had also spent all his regulation time and was on increment only. He was no
doubt greatly fatigued at trying to find a win an equal position. Thus all of
this contributed to his fatal mistake. -cjr} (42... Qf4+ $19 43. Ke2 Qh2+ 44.
Ke1 Qg3+ 45. Ke2 f4) 43. Rg1 $18 Qg3+ 44. Rxg3+ fxg3+ {KB-K3P} 45. Kg2 {
Intending d6-d7 and mate. - Fritz || while I am winning careful thought is
still required. There's a number of issues to work out such as my week d-pawn
and dealing with the black connected passers. -cjr} Kf8 46. Be6 Ke8 47. Kf3 $2
{Fritz question mark is nonsense my move is just fine. -cjr} (47. Bh3 Kf7 48.
a4) 47... Kd8 $2 (47... Kf8 48. Bd5 Ke8) 48. Bh3 b5 49. a3 {My move here is
also good. Generally speaking denying black any free moves is helpful for
white. So I disagree with Fritz here too. -cjr} (49. Ke4 $142 Ke8 50. Ke5 g2
51. Bxg2 Kf7 52. Bh3 Kf8 53. Ke6 Ke8 54. d7+ Kd8 55. Kf7) 49... Ke8 50. Ke4 $1
{Precision: White = 44%, Black = 53%. - Fritz || Here white's true purpose is
revealed. He will win with the d-pawn as black can't win it. e.g. 50. ... g2
51. Bxg2 Kd7 52. Kd5 holds the pawn. Also thanks to the white KB black will be
unable to prevent the white king from getting to c7 which in turn will
guarantee the white d-pawn sees their destiny. Therefore, black throws in the
towel and goes home (this was the last round). -cjr} 1-0

[Event "Washington Summer Sizzler"]
[Site "Chess.com"]
[Date "2022.07.16"]
[Round "?"]
[White "Anand, Lakshana"]
[Black "Edwin, Elijah"]
[Result "1/2-1/2"]
[WhiteElo "1397"]
[BlackElo "887"]
[Annotator "Lakshana Anand"]
[PlyCount "106"]
[EventDate "2022.??.??"]

1. e4 e5 2. Nf3 Nc6 3. Bc4 Nf6 4. d3 Bc5 5. Nc3 O-O {This put Elijah’s king
on a safer square. I should have castled queenside, actually…} 6. Bg5 h6 7.
Bh4 g5 8. Bg3 a6 $2 {Elijah might have lost a pawn!} 9. Bb3 $2 {I don’t
capture but ...b5??: I still have a chance.} b5 10. Nd5 $2 {Still don’t
capture: Nxd5? Have a chance.} Nxd5 $2 11. Bxd5 Bd4 $2 {Um...} 12. Bxe5 $4 {
I forgot! Bishops are better than knights but} Bxe5 $2 13. Nxe5 Nxe5 14. Bxa8 {
Free Rook} c6 15. O-O $2 {Advantage gone.} d6 $2 16. d4 $1 Ng6 17. Bxc6 Qc7 18.
Bd5 Qe7 19. Re1 Be6 20. Bxe6 Qxe6 21. d5 Qe5 22. c3 b4 23. Qd4 bxc3 24. Qxe5
Nxe5 25. bxc3 Rc8 26. Rac1 $5 {Loses a piece.} Nd3 27. Red1 Nxc1 28. Rxc1 Rc4
29. Re1 $2 {Loses a pawn.} Rxc3 30. h3 $5 {Missed an open file.} Rc2 {And the
game went on. This game lasted 53 moves, then we agreed on a draw. Thank you
for reading this page. Have a nice rest of your day! -Lakshana Anand, 3rd Grade
} 31. a4 Ra2 32. e5 dxe5 33. Rxe5 Rxa4 34. Re3 Rd4 35. Re8+ Kg7 36. Ra8 Rxd5
37. Rxa6 f6 38. g4 Kg6 39. Kg2 Rd2 40. Kg3 Rd3+ 41. f3 Rd1 42. Kg2 Rd2+ 43. Kg3
Re2 44. Ra8 Re1 45. Kg2 Re2+ 46. Kg3 Re1 47. Kf2 Rh1 48. Kg2 Rb1 49. Rg8+ Kh7
50. Rf8 Kg7 51. Re8 Rb2+ 52. Kg3 Rb1 53. Re7+ Kg6 1/2-1/2

[Event "2022 Vancouver Open (Open)"]
[Site "Vancouver, WA"]
[Date "2022.07.24"]
[Round "5"]
[White "Lee, Brian"]
[Black "Hosford, Michael"]
[Result "1-0"]
[WhiteElo "1949"]
[BlackElo "1863"]
[Annotator "Brian Lee"]
[PlyCount "69"]
[EventDate "2022.07.23"]
[EventType "swiss"]
[EventRounds "5"]
[EventCountry "USA"]

1. d4 Nf6 2. c4 Nc6 3. Nf3 e6 4. a3 d5 {I was expecting 4...d6 followed by 5..
e5 which is more popular and scores better than 4...d5. After 4...d5 the
knight seems a little bit misplaced on c6 blocking the c-pawn.} 5. Nc3 a6 6. g3
$2 {Usually when White allows the capture on c4 he is able to regain the pawn
or get enough compensation with play in the center or with tricks down the
h1-a8 diagonal, but here nether is the case. Both of us missed this for the
next couple of moves. In the future I would play 6. cxd5 and develop normally.}
Be7 $2 (6... dxc4 7. Bg2 Be7 8. O-O Na5 9. Bg5 b5 10. Ne5 Rb8 {Black keeps his
extra pawn with a better position.}) 7. Bg2 $2 O-O $2 8. O-O $2 dxc4 {Finally
capturing.} 9. e4 b5 10. d5 $6 {d5 is a normal idea in this structure but here
it leads to trouble with my Rook on a1, which was honestly the furthest thing
from my mind.} Na5 11. Bf4 Nb3 12. Rb1 $6 ({White can save the rook by playing
} 12. dxe6 {(12.Ra2 is a terrible place for the rook.)} Bxe6 (12... Nxa1 13.
exf7+ Rxf7 14. Qxa1) 13. Qxd8 Rfxd8 14. Rad1 {but this is a miserable endgame
which I would never choose over keeping Queen's on the board.}) ({Since I am
losing material anyway, and interesting try is} 12. Nd4 Nxa1 13. Nc6 Qe8 14.
Qxa1 (14. Nxe7+ {also leads to a losing endgame after} Qxe7 15. d6 Qd8 16. e5
Nd5 17. Nxd5 exd5 18. Qxd5 Rb8 19. dxc7 Qxc7 20. e6 Bxe6 21. Bxc7 Bxd5 22. Bxb8
Rxb8 (22... Bxg2 23. Rxa1 Rxb8 24. Kxg2) 23. Rxa1 Bxg2 24. Kxg2)) 12... exd5
13. exd5 $6 Bf5 14. Ne5 Bd6 {The rook is still trapped so Black makes a good
decision stopping White's counterplay.} 15. Nc6 Qd7 16. Bg5 Bxb1 17. Qxb1 h6 $2
{Loses a tempo and allows White to destroy Black's pawn structure in front of
his king.} (17... Ng4 $19) 18. Bxf6 Nd2 $4 {This loses all of Black's
advantage. Black still remains up material but he loses a lot of his activity.
I had a feeling my opponent was planning this after he played 17...h6 because
there was no other reason to allow 18. Bxf6} (18... gxf6 {Black is still
winning although White has some counterplay now thanks to Black's damaged
kingside structure.}) 19. Qd1 {I think another reason my opponent played 17...
h6 was because of the line} (19. Qc1 Nxf1 {when if not for the pawn on h6,
White could play 20.Qg5.}) 19... Qf5 $4 {My opponent told me that he thought
he had gotten too greedy and decided to bail out. Unfortunately, he
miscalculated and thought he was still up the exchange but then realized later
that I had gotten two pieces for the rook instead of just one.} (19... Nxf1 20.
Ne4 Nxh2 21. Kxh2 Qf5 22. Bc3 {White has three minor pieces for two rooks and
two pawns, which still gives Black a significant material advantage, but the
White's activity compensates for that. Computer says equal but with such a
strange material imbalance it seems unlikely that this will be a draw with two
humans playing.}) 20. Qxd2 Qxf6 21. Ne4 Qg6 22. f4 f5 23. Nxd6 Qxd6 24. Qc2
Rae8 25. Kh1 Qc5 26. Rd1 Qe3 27. Nd4 g6 28. Nf3 Re4 29. Ne5 Rd4 30. Nxg6 Re8
31. Ne5 h5 32. h4 $4 {I wanted to get rid of my back rank issues and turns out
I had the right idea, but the wrong execution.} (32. h3 $1 {This does the same
thing but avoids the perpetual check in the notes to the next move.}) 32... c5
$4 {Now the game is over.} (32... Rxd1+ 33. Qxd1 Qxg3 34. Qxh5 Re7 35. Qg5+ ({
Black has a perpetual after} 35. Qxf5 Qxh4+ 36. Bh3 Qe1+) 35... Rg7 36. Qxg3
Rxg3 37. Bf3 {(to stop 37...Rb3)} Rh3+) 33. Rxd4 cxd4 34. Qxf5 Rxe5 35. fxe5
1-0

[Event "2022 Vancouver Open (Open)"]
[Site "Vancouver, WA"]
[Date "2022.07.24"]
[Round "4"]
[White "Dann, William"]
[Black "Tang, Austin"]
[Result "1-0"]
[WhiteElo "1400"]
[BlackElo "2043"]
[Annotator "William Dann"]
[PlyCount "63"]
[EventDate "2022.07.23"]
[EventType "swiss"]
[EventRounds "5"]
[EventCountry "USA"]

{[%evp 0,63,30,40,51,48,44,70,38,29,76,18,28,29,43,-232,64,44,37,-9,-22,-16,-1,
-28,-8,-14,20,-20,46,23,36,-12,-15,-24,-2,-54,-21,-94,3,13,13,30,62,43,54,-81,
-29,-13,20,-23,427,29986,29987,29988,29989,29990,29991,29992,29993,29994,29995,
29996,29997,29998,29999,-30000] This game contains the most disrespectful
combinations I have ever played. I highly recommend trying to solve the
diagram after 24...Qxe4 if you're going to skip this game.} 1. e4 c5 2. Nc3 Nc6
3. Bb5 Nd4 4. Nf3 g6 {Jerry Sherrard played 4...a6 against me the round before
this and I got a great position, so I was feeling confident.} 5. Nxd4 cxd4 6.
Ne2 Bg7 7. d3 $4 e6 $4 {I will be telling my children the move order of the
game was O-O e6 d3. Don't play your openings on autopilot no matter how
confident you feel!} (7... Qa5+ {Just wins the Bb5}) 8. O-O Ne7 9. f4 O-O 10.
Qe1 a6 11. Ba4 d6 12. Qf2 e5 13. Qg3 Kh8 $6 {This is the kind of move one
plays when you don't want to calculate something like ...f5. This combined
with my opponent missing 7...Qa5+ gave me the impression that I could push
then around some more with:} 14. Bb3 f6 $6 15. h4 Bd7 16. h5 gxh5 17. f5 $1 {
No Ng6. Black's king is now surrounded by defenders only optically.} d5 18. Qh4
Be8 19. Ng3 dxe4 20. dxe4 d3 21. Be3 $5 {I saw the possibility of the
combination that ended up winning the game before 18. Qh4, but for that to
work we need the dark square bishop hitting the h6 square.} dxc2 22. Nxh5 Bxh5
23. Qxh5 Qd3 24. Kf2 $1 Qxe4 $4 {I could not contain my excitement here as my
combo now works! White to move and win!} 25. Qxh7+ $3 Kxh7 26. Rh1+ Bh6 27.
Rxh6+ Kg7 {My opponent did not see the idea here and was looking at me with a
confused look.} 28. Rh7+ Kxh7 29. Rh1+ {My opponent reigned because they now
saw the idea.} Kg7 30. Bh6+ Kh8 31. Bxf8+ Qh4+ 32. Rxh4# 1-0

[Event "2022 Vancouver Open (Open)"]
[Site "Vancouver, WA"]
[Date "2022.07.23"]
[Round "1"]
[White "Lin, Michael"]
[Black "Sherrard, Jerry"]
[Result "1-0"]
[WhiteElo "1618"]
[BlackElo "1970"]
[Annotator "Ralph Dubisch"]
[PlyCount "57"]
[EventDate "2022.07.23"]
[EventType "swiss"]
[EventRounds "5"]
[EventCountry "USA"]

{[%evp 0,57,25,26,13,-23,2,-29,4,-11,15,-20,-21,-6,-10,-40,-40,-65,109,120,38,
40,291,216,159,160,160,161,168,15,22,0,629,660,660,660,676,396,446,428,445,428,
439,468,585,522,543,561,874,586,1302,1507,1593,1678,1895,1895,29993,29994,
29999,-30000]} 1. d4 d5 2. c4 e6 3. Nc3 Bb4 4. Qc2 c5 5. dxc5 d4 6. a3 Qa5 $6 (
{Provocative.} 6... Ba5 7. b4 dxc3 8. bxa5 $13) 7. axb4 Qxa1 8. Nb5 (8. Ne4 $5
Na6 9. b5 Nb4 10. Nd6+ Ke7 11. Qd1 $13) 8... Kd7 $4 (8... Na6 {threatens ...
Nxb4, and things are not at all clearly in White's favor.}) 9. Qd2 ({White's
position is now so over-powering that there is no longer need to discuss
compensation for the exchange -- the material imbalance simply has no
significance here.^^There are plenty of paths for White to advantage:} 9. Nf3
Na6 10. Nfxd4 {The black queen is on sabbatical while the black king swims in
shark-infested waters.}) (9. Qd1 Nc6 10. Nf3 e5 $2 11. Nxe5+ $1 Nxe5 12. Qxd4+
Ke6 (12... Ke8 13. Nc7+ Ke7 14. Qd6#) 13. Nc7+ Kf6 14. Qh4+ Kf5 15. e4+ Kg6 16.
Qg5#) 9... Nc6 10. Nf3 Nf6 11. Nfxd4 Ne4 12. Qd1 Nxd4 13. Nxd4 (13. e3 a6 14.
Nxd4) 13... Ke8 14. Nb5 $2 (14. f3 $1 {Drive the knight back first, while
providing an escape path for the white king.}) 14... Bd7 15. Nc7+ $2 (15. Nd6+
Nxd6 16. cxd6 $14 {White should still be fairly pleased with the position,
though perhaps not quite as happy as a few moves previous.}) 15... Kd8 $4 (
15... Kf8 16. Nxa8 Ba4 $1 17. Qd8+ Be8 18. Kd1 (18. Qd1 Ba4) 18... Qa4+ {
The draw is forced.}) 16. Bg5+ Nxg5 17. Qxa1 Kxc7 18. e3 e5 19. Be2 f6 20. O-O
Rhd8 21. Rd1 Nf7 22. Bf3 Be6 23. Bd5 Re8 24. Qa4 Bd7 25. Qa5+ b6 26. Qa6 Bc8
27. cxb6+ Kb8 28. b7 Bxb7 29. Qxb7# 1-0